Building civic infrastructure: implementing community partnership grant programmes in South Africa (Record no. 54611)

000 -LEADER
fixed length control field 01615pab a2200193 454500
008 - FIXED-LENGTH DATA ELEMENTS--GENERAL INFORMATION
fixed length control field 180718b2002 xxu||||| |||| 00| 0 eng d
100 ## - MAIN ENTRY--PERSONAL NAME
Personal name Adams, Charles F.
245 ## - TITLE STATEMENT
Title Building civic infrastructure: implementing community partnership grant programmes in South Africa
260 ## - PUBLICATION, DISTRIBUTION, ETC.
Date of publication, distribution, etc. 2002
300 ## - PHYSICAL DESCRIPTION
Extent p.293-302.
362 ## - DATES OF PUBLICATION AND/OR SEQUENTIAL DESIGNATION
Dates of publication and/or sequential designation Oct
520 ## - SUMMARY, ETC.
Summary, etc. This article examines recent efforts to establish Community Patnership Grant Programmes (CPG) in six south African communities. CPG programmes provide the financial and organizational infrastructure to support citizen-initiated neighbourhood projects. We review our efforts to disseminate the CPG programme model in three different environments in South Africa - a large metropolitan area, three smaller municipalities and two tribal villages - and analyse why preliminary implementation results were positive in some communities but not others. Our findings form the basis of a model of CPG programme implementation based on the model of implementation and the breadth of stakeholder involvement. We use this model to make recommendations to increase the likelihood of implementation success for similar programmes. The article concludes with observations about the applicability of the CPG programme idea as a way to develop civic infrastructure, and on the political lessons learned from our implementation experience in South Africa. - Reproduced.
650 ## - SUBJECT ADDED ENTRY--TOPICAL TERM
Topical term or geographic name entry element Community action - South Africa
650 ## - SUBJECT ADDED ENTRY--TOPICAL TERM
Topical term or geographic name entry element Community action
700 ## - ADDED ENTRY--PERSONAL NAME
Personal name Brown, Trvor
700 ## - ADDED ENTRY--PERSONAL NAME
Personal name Bell, Michael E.
773 ## - HOST ITEM ENTRY
Main entry heading Public Administration and Development
909 ## -
-- 54611
Holdings
Withdrawn status Lost status Damaged status Not for loan Permanent Location Current Location Date acquired Serial Enumeration / chronology Barcode Date last seen Price effective from Koha item type
        Indian Institute of Public Administration Indian Institute of Public Administration 2018-07-19 Volume no: 22, Issue no: 4 AR55056 2018-07-19 2018-07-19 Articles

Powered by Koha